Louis Pasteur
Truyện kể về những năm tháng miệt mài học tập và lòng say mê nghiên cứu, Paxtơ đã tìm ra những sinh vật nhỏ bé gọi là vi trùng. Ông tiếp tục nghiên cứu và tìm ra vacxin phòng bệnh ở cả vật và người
Enregistré dans:
| Auteur principal: | |
|---|---|
| Format: | Livre |
| Langue: | Vietnamese |
| Publié: |
H.
Nxb. Văn hóa
1977
|
| Sujets: | |
| Tags: |
Ajouter un tag
Pas de tags, Soyez le premier à ajouter un tag!
|
| Thư viện lưu trữ: | Mạng thư viện Đại học Đà Nẵng |
|---|
| LEADER | 01149nam a2200301 4500 | ||
|---|---|---|---|
| 001 | 000014998 | ||
| 003 | 11369 | ||
| 005 | 20120518080519.0 | ||
| 008 | 120517s1977 viesd | ||
| 041 | 0 | |a vie | |
| 082 | |a 843 |b TH-S | ||
| 100 | 0 | |a Thanh Sơn | |
| 245 | 0 | |a Louis Pasteur |c Thanh Sơn | |
| 260 | |a H. |b Nxb. Văn hóa |c 1977 | ||
| 300 | |a 493tr. |c 19 cm | ||
| 520 | |a Truyện kể về những năm tháng miệt mài học tập và lòng say mê nghiên cứu, Paxtơ đã tìm ra những sinh vật nhỏ bé gọi là vi trùng. Ông tiếp tục nghiên cứu và tìm ra vacxin phòng bệnh ở cả vật và người | ||
| 653 | |a Louis Pasteur | ||
| 653 | |a truyện danh nhân | ||
| OWN | |a LSP | ||
| AVA | |a UDN50 |b LSP |d 843 TH-S |e available |t Error 5001 Not defined in file expand_doc_bib_avail. |f 1 |g 0 |h N |i 0 |k 1 | ||
| 999 | |a From the UDN01 | ||
| AVA | |a UDN50 |b LSP |d 843 TH-S |e available |t Error 5001 Not defined in file expand_doc_bib_avail. |f 1 |g 0 |h N |i 0 |k 1 | ||
| TYP | |a Monograph | ||
| TYP | |a Printed language | ||
| 980 | |a Mạng thư viện Đại học Đà Nẵng | ||